The Middle East : a political and economic survey /

محفوظ في:

مؤلف مشترك: Royal Institute of International Affairs. Information Dept.

التنسيق: كتاب

اللغة: English

منشور في: London ; New York : Royal Institute of International Affairs, [1954].

الطبعة: 2d ed.

الموضوعات:

الوسوم: إضافة وسم

لا توجد وسوم, كن أول من يضع وسما على هذه التسجيلة!

رقم الطلب: DS49 .R87 1954

LEADER 00747nam a2200217Ia 4500
003 OSt
005 20260310071752.0
008 211223s1954 enkab b 00000 eng d
040 |c ARCE Library 
050 4 |a DS49 .R87 1954 
110 2 |a Royal Institute of International Affairs.  |b Information Dept. 
245 1 4 |a The Middle East :   |b a political and economic survey /   |c Royal Institute of International Affairs. 
250 |a 2d ed. 
264 1 |a London ;   |a New York :   |b Royal Institute of International Affairs,  |c [1954]. 
300 |a xviii, 590 p. :   |b maps (2 fold. Col.) talbes;  |c 23 cm. 
500 |a Errata slip inserted. 
504 |a Bibliography : p. 571-576. 
650 0 |a Middle East. 
901 |a reviewed 
942 |2 lcc  |c BK 
999 |c 40975  |d 40975